01353na a2200337 450000100060000000300080000600500170001400800410003102000180007203500100009004000250010004100080012508200230013309000220015624501440017824600400032226000660036230000190042849000160044749000450046350400440050860000480055265000700060065000790067065000820074965000360083170000160086794200130088395201040089699900150100014525MIRAKIL20181213155258.0160908b tu 000 0  a9786053992264 a14525 aMilasbturcTR-AnCHP aeng a956.1015bP66 2011 a956.1015 P66 2011 aPopular protest and political participation in The Ottoman Empirebstudies in honor of Suraiya Faroqhicedited by Eleni Gara ...[ve öte.] aStudies in honor of Suraiya Faroqhi aİstanbulbİstanbul Bilgi Üniversitesi Yayınlarıc2011 a364 s.c23 sm. aHistoryv39 aİstanbul Bilgi Üniversity pressv368 aKaynakça (319-347 ss.) ve dizin var.  aFaroqhi, Suraiyad1941-xArmağan kitaplar aKarşı hareketlerxTarihyOsmanlı İmparatorluğu,1288- 1918 aSiyasal katılımxTarihyOsmanlı İmparatorluğu,1288- 1918zTürkiye aSiyaset ve yönetimxTarihyOsmanlı İmparatorluğu,1288- 1918zTürkiye aToplumsal hareketlerzTürkiye aGara, Eleni 2ddccBKS a0001b0001d2016-08-29e2l0o956.1015 P66 2011p001899r2016-08-29 00:00:00v0.00w2016-08-29yBKS c9861d9861